Počítačom integrovaná výroba - CIM Celoštátna konferencia

Guardado en:
Detalles Bibliográficos
Formato: Libro
Lenguaje:eslovaco
Publicado: Bratislava Dom techn. ČSVTS 1989
Edición:1. vyd.
Etiquetas: Agregar Etiqueta
Sin Etiquetas, Sea el primero en etiquetar este registro!

MARC

LEADER 00000nam a2200000 4500
001 c025277
005 20221215071123.4
041 0 |a slo 
044 |a SK 
245 1 0 |a Počítačom integrovaná výroba - CIM  |b Celoštátna konferencia 
250 |a 1. vyd. 
264 1 |a Bratislava  |b Dom techn. ČSVTS  |c 1989 
300 |a 74 s.